| 000 | 00783nam a22001817a 4500 | ||
|---|---|---|---|
| 003 | UA-OsUOA | ||
| 001 | 13732 | ||
| 007 | ta | ||
| 008 | 20030618b un ||||| |||| 00| 0 ukr d | ||
| 100 | _aФранчук В. | ||
| 942 | _cSA | ||
| 040 |
_aUA-OsUOA _cUA-OsUOA _dUA-OsUOA |
||
| 245 | _aПоліська перлина у Рівному: [В Рівнен. обл. краєзн. музеї відбулося знайомство з доробком випускниці - фольклористки Рівнен. гуманітар. ун-ту Т.Гнатюк (Кусік) - кн." Пісні села Погоріловка"] | ||
| 300 | _aС.2 | ||
| 955 | _a0 | ||
| 773 | 0 |
_w0 _tВОЛИНЬ _dРівне _d2003 _g№23/7 черв./ |
|
| 650 | 7 |
_aГнатюк (Кусік) Т. _2UDC |
|
| 999 |
_c299893 _d299893 |
||